Hubungan manusia dalam organisasi / (Record no. 3217)
[ view plain ]
| 000 -LEADER | |
|---|---|
| fixed length control field | nam a22 a 4500 |
| 003 - CONTROL NUMBER IDENTIFIER | |
| control field | AKMAL |
| 005 - DATE AND TIME OF LATEST TRANSACTION | |
| control field | 20170522085901.0 |
| 008 - FIXED-LENGTH DATA ELEMENTS--GENERAL INFORMATION | |
| fixed length control field | 170522s1995 my 00 may d |
| 020 ## - INTERNATIONAL STANDARD BOOK NUMBER | |
| International Standard Book Number | 9676104930 (kkt.): |
| Terms of availability | RM 14.00 |
| 040 ## - CATALOGING SOURCE | |
| Original cataloging agency | AKMAL |
| 082 04 - DEWEY DECIMAL CLASSIFICATION NUMBER | |
| Classification number | 658.3145 MAH |
| 090 ## - LOCALLY ASSIGNED LC-TYPE CALL NUMBER (OCLC); LOCAL CALL NUMBER (RLIN) | |
| Classification number (OCLC) (R) ; Classification number, CALL (RLIN) (NR) | 658.3145 |
| Local cutter number (OCLC) ; Book number/undivided call number, CALL (RLIN) | MAH |
| 245 10 - TITLE STATEMENT | |
| Title | Hubungan manusia dalam organisasi / |
| Statement of responsibility, etc. | Mahmood Nazar Mohamed, Sabitha Marican |
| 260 ## - PUBLICATION, DISTRIBUTION, ETC. | |
| Place of publication, distribution, etc. | Kuala Lumpur : |
| Name of publisher, distributor, etc. | Utusan Publications & Distributors Sdn.Bhd., |
| Date of publication, distribution, etc. | 1995 |
| 300 ## - PHYSICAL DESCRIPTION | |
| Extent | 144ms. ; |
| Dimensions | 22cm |
| 504 ## - BIBLIOGRAPHY, ETC. NOTE | |
| Bibliography, etc. note | Mengandungi rujukan bibliografi |
| 650 ## - SUBJECT ADDED ENTRY--TOPICAL TERM | |
| Topical term or geographic name entry element | Organisational effectiveness |
| 9 (RLIN) | 6611 |
| 650 ## - SUBJECT ADDED ENTRY--TOPICAL TERM | |
| Topical term or geographic name entry element | Interpersonal relations |
| 9 (RLIN) | 487 |
| 650 ## - SUBJECT ADDED ENTRY--TOPICAL TERM | |
| Topical term or geographic name entry element | Human capital |
| 9 (RLIN) | 6467 |
| 650 ## - SUBJECT ADDED ENTRY--TOPICAL TERM | |
| Topical term or geographic name entry element | Employee motivation |
| 9 (RLIN) | 2790 |
| 650 ## - SUBJECT ADDED ENTRY--TOPICAL TERM | |
| Topical term or geographic name entry element | Personnel management |
| 9 (RLIN) | 602 |
| 942 ## - ADDED ENTRY ELEMENTS (KOHA) | |
| Source of classification or shelving scheme | |
| Koha item type | Book |
| Withdrawn status | Lost status | Source of classification or shelving scheme | Damaged status | Not for loan | Collection code | Home library | Current library | Shelving location | Date acquired | Inventory number | Total Checkouts | Full call number | Barcode | Date last seen | Price effective from | Koha item type |
|---|---|---|---|---|---|---|---|---|---|---|---|---|---|---|---|---|
| NON-FICTION | AKMAL Melaka | AKMAL Melaka | PINJAMAN | 22.05.2017 | 001517 | 658.3145 MAH | 201703926 | 22.05.2017 | 22.05.2017 | Book |
